000 00306nam a22001337a 4500
008 170720b xxu||||| |||| 00| 0 eng d
020 _a9780071703284
041 _aeng
080 _a004
100 _a28
101 _aSHKI
245 _aOBJECTIVE-C-FOR IPHONE DEVELOPERS
_cBRANNAN, J.A
942 _2udc
_cBK
999 _c21683
_d21683